| 000 | 00504pam a2200181 4500 | ||
|---|---|---|---|
| 999 |
_c7548 _d7548 |
||
| 003 | OSt | ||
| 005 | 20200313050151.0 | ||
| 008 | 730920s1974 mauae 001 0 eng | ||
| 020 | _a9780262191081 | ||
| 040 |
_aDLC _cDLC _dDLC |
||
| 082 | 0 | 0 |
_a720.924 _bSAF |
| 100 | 1 |
_aSafdie, Moshe, _d1938- |
|
| 245 | 1 | 0 |
_aFor everyone a garden. _cEdited by Judith Wolin. |
| 260 |
_aCambridge, _bM.I.T. Press _c[1974] |
||
| 300 |
_a1 v. (unpaged) _billus., plans. _c24 cm. |
||
| 600 | 1 | 0 |
_aSafdie, Moshe, _d1938- |
| 942 | _2ddc | ||